00617 2200205 4500001002100000005001700021008004100038035002400079082001600103090002100119245006900140260006900209300002900278650004300307700001400350850001200364980001400376985000600390999001500396YOGYA-0209000005274720090227033019.0 ind  0010-020900000052747 a499.2332052 a499.2332052bMor aMORFOLOGI dan Sintaksisi bahasa Sumbawa oleh Sumarsono...(et.al) aJakartabPusat Pembinaan dan Pengembangan Bahasa Depdikbudc1986 aix, 215 hlmbIlusc21 cm aBahasa Sumbawa-Morfologi dan Sintaksis aSumarsono aYOPDYOG a7-12-2007 a1 aA000003993